Quran and Science (Record no. 2560)

MARC details
000 -LEADER
fixed length control field 00589nam a2200241 a 4500
020 ## - INTERNATIONAL STANDARD BOOK NUMBER
ISBN
082 00 - DEWEY DECIMAL CLASSIFICATION NUMBER
Classification number 500.80297
Author Cutter ANJ
100 ## - MAIN ENTRY--AUTHOR NAME
Author name Anjuman-I-Khuddam-Ud-Din,
245 ## - TITLE STATEMENT
Title Quran and Science
260 ## - PUBLICATION, DISTRIBUTION, ETC. (IMPRINT)
Place of publication Tehran
Name of publisher No Publisher
Year of publication 1940
300 ## - PHYSICAL DESCRIPTION
Number of Pages 61p
500 ## - GENERAL NOTE
General note includes index and biblioraphy
505 2# - FORMATTED CONTENTS NOTE
Formatted contents note Arabic-Urdu
650 ## - SUBJECT ADDED ENTRY--TOPICAL TERM
Topical Term Quran and Science
942 ## - ADDED ENTRY ELEMENTS (KOHA)
Koha item type Books
700 1# -
-- Anjuman-I-Khuddam-Ud-Din,
Holdings
Home library Current library Date acquired Cost, normal purchase price Full call number Accession Number Koha item type
Henry Martyn Institute Library Henry Martyn Institute Library 05/24/2005 0.00 500.80297 ANJ 140 Archive Book
                   Copyright © 2026 | Henry Martyn Institute | Hyderabad | TS-500052 | INDIA | Implemented by hmi.edu.in
Hit-Count:

Powered by Koha